000
00262nam a2200109Ia 4500
008
240625s9999 xx 000 0 und d
041
_a
eng
082
_a
658.5 FIN
100
_a
FINCH BYRON J
245
_a
OPERATIONS NOW SUPPLY CHAIN PROFITABILIT
260
_c
2007
999
_c
33875
_d
33875